Southville International School and Colleges
Your cart is empty.
  • Cart
  • Lists
    Public lists Eva Luna New books Lux_list list_1
    Your lists Log in to create your own lists
  • Log in to your account
  • Your cookies
  • Search history
Southville International School and Colleges
  • Advanced search
  • Recent comments
  • Most popular
  • Libraries

Log in to your account

Log in with GOOGLE


If you do not have an external account, but do have a local account, you can still log in:

  1. Home
  2. MARC view: The brothers Wu and the good-luck eel :
Normal view MARC view ISBD view

The brothers Wu and the good-luck eel : (Record no. 1751)

[ view plain ]
MARC details
000 -LEADER
fixed length control field 01041nam a22003257a 4500
001 - CONTROL NUMBER
control field 12765705
003 - CONTROL NUMBER IDENTIFIER
control field OSt
005 - DATE AND TIME OF LATEST TRANSACTION
control field 20140310181715.0
008 - FIXED-LENGTH DATA ELEMENTS--GENERAL INFORMATION
fixed length control field 020418s2000 ph a 000 0 eng
010 ## - LIBRARY OF CONGRESS CONTROL NUMBER
LC control number 2002346768
020 ## - INTERNATIONAL STANDARD BOOK NUMBER
International Standard Book Number 9716301030 (hard)
020 ## - INTERNATIONAL STANDARD BOOK NUMBER
International Standard Book Number 9716300964 (pbk.)
035 ## - SYSTEM CONTROL NUMBER
System control number (DLC) 2002346768
037 ## - SOURCE OF ACQUISITION
Source of stock number/acquisition Library of Congress -- Jakarta Overseas Office
Terms of availability P395.00
040 ## - CATALOGING SOURCE
Original cataloging agency DLC
Transcribing agency DLC
042 ## - AUTHENTICATION CODE
Authentication code lcode
050 00 - LIBRARY OF CONGRESS CALL NUMBER
Classification number PN 6071
Item number .N576 2000
082 ## - DEWEY DECIMAL CLASSIFICATION NUMBER
Classification number FIL 808.899282
Item number N49 1998
100 1# - MAIN ENTRY--PERSONAL NAME
Personal name Ng, Fran.
245 14 - TITLE STATEMENT
Title The brothers Wu and the good-luck eel :
Remainder of title a tale from the Philippine Islands /
Statement of responsibility, etc as told by Fran Ng ; pictures by Arnel Mirasol.
260 ## - PUBLICATION, DISTRIBUTION, ETC. (IMPRINT)
Place of publication, distribution, etc Manila :
Name of publisher, distributor, etc Tahanan Books for Young Readers,
Date of publication, distribution, etc c2000.
300 ## - PHYSICAL DESCRIPTION
Extent 1 v. (unpaged) :
Other physical details ill. col. ;
Dimensions 24 x 28 cm.
500 ## - GENERAL NOTE
General note Children's literature.
562 ## - COPY AND VERSION IDENTIFICATION NOTE
Number of copies 2
906 ## - LOCAL DATA ELEMENT F, LDF (RLIN)
a 7
b cbc
c origode
d 4
e ncip
f 20
g y-gencatlg
942 ## - ADDED ENTRY ELEMENTS (KOHA)
Source of classification or shelving scheme Library of Congress Classification
Koha item type Books
Holdings
Withdrawn status Lost status Source of classification or shelving scheme Damaged status Home library Current library Shelving location Date acquired Total Checkouts Full call number Barcode Date last seen Copy number Price effective from Koha item type
    Library of Congress Classification   Luxembourg Library Luxembourg Library Filipiniana Section 12/15/2012   PN 6071 .N576 2000 8658 08/13/2013 1 10/03/2013 Books
    Library of Congress Classification   Luxembourg Library Luxembourg Library Filipiniana Section 06/28/2013   PN 6071 .N576 2000 15293 08/13/2013 2 06/28/2013 Books

The brothers Wu and the good-luck eel :

APA

Ng F., . (2000). The brothers Wu and the good-luck eel. Manila: Tahanan Books for Young Readers.

Chicago

Ng Fran, . 2000. The brothers Wu and the good-luck eel. Manila: Tahanan Books for Young Readers.

Harvard

Ng F., . (2000). The brothers Wu and the good-luck eel. Manila: Tahanan Books for Young Readers.

MLA

Ng Fran, . The brothers Wu and the good-luck eel. Manila: Tahanan Books for Young Readers. 2000.

  • Place hold
  • Print
  • Cite
  • Add to your cart (remove)
  • Save record
    BIBTEX Dublin Core MARCXML MARC (non-Unicode/MARC-8) MARC (Unicode/UTF-8) MARC (Unicode/UTF-8, Standard) MODS (XML) RIS
  • More searches
    Search for this title in:
    Other Libraries (WorldCat) Other Databases (Google Scholar) Online Stores (Bookfinder.com) Open Library (openlibrary.org)

Exporting to Dublin Core...

SOUTHVILLE LIBRARY

Southville International School and Colleges Library

1281 Tropical Ave. Cor. Luxembourg St., BF Homes International, Las Pinas City

Tel. No. 8256374 / 252358 Loc. 117/146

Powered by Koha